000 nam a22 7a 4500
999 _c9969
_d9969
008 180209b ||||| |||| 00| 0 eng d
100 _aRatna, K
_96023
245 _aThe snow and the Pitcher
260 _aLondon
_bLadybird Publication
_c1993